000
00375nam a2200157Ia 4500
008
100204s9999 xx 000 0 und d
082
_b
27454
100
_a
मांडके अलका
245
_a
हृदयस्थ
250
_a
0
260
_c
2004
300
_a
212
630
_a
हृदयस्थ
730
_a
हृदयस्थ
942
_c
BOOK
999
_c
472635
_d
472632